LEADER 00781nam0-22002891i-450- 001 990001082630403321 035 $a000108263 035 $aFED01000108263 035 $a(Aleph)000108263FED01 035 $a000108263 100 $a20000920d1986----km-y0itay50------ba 101 0 $aeng 200 1 $aComputational Physics$fS.E. Koonin 210 $aOxford$cAddison-Wesley$d1986 300 $aDisk enclosed 610 0 $aTeoria della programmazione e utilizzazione dei computers 610 0 $aSoftware 676 $a510.78 700 1$aKoonin,$bSteven E.$051520 801 0$aIT$bUNINA$gRICA$2UNIMARC 901 $aBK 912 $a990001082630403321 952 $a8B-187$b15395$fFI1 959 $aFI1 996 $aComputational Physics$9336297 997 $aUNINA DB $aING01